Délmagyarország. - 2003. június 27., Péntek

Elmentve itt :
Bibliográfiai részletek
Dokumentumtípus: Újság
Megjelent: 2003-06-27
Sorozat:Délmagyarország 93 No. 148
Online Access:http://dmarchiv.bibl.u-szeged.hu/28203
LEADER 00489nas a2200145 i 4500
001 delm28203
005 20200415084532.0
008 171218s2003 hu n o 0|| hun d
022 |a 0133-025X 
040 |a SZTE Délmagyarország Archívum  |b hun 
041 |a hun 
245 0 0 |a Délmagyarország. - 2003. június 27., Péntek  |h [elektronikus dokumentum] 
260 |c 2003-06-27 
490 0 |a Délmagyarország  |v 93 No. 148 
856 4 0 |u http://dmarchiv.bibl.u-szeged.hu/28203/1/dm_2003_148.pdf  |z Dokumentum-elérés